| 000 | 00915nam a2200301uu 4500 | ||
|---|---|---|---|
| 001 | 200454293 | ||
| 999 |
_c200454293 _d72505 |
||
| 003 | TR-AnTOB | ||
| 005 | 20241129155058.0 | ||
| 007 | ta | ||
| 008 | 140901b tu 000 0 tur d | ||
| 020 | _a9786053664536 | ||
| 040 |
_aTR-AnTOB _beng _erda _cTR-AnTOB |
||
| 041 | 0 | _atur | |
| 060 |
_aW 18.2 _bK81 |
||
| 096 |
_aW 18.2 _bK81 |
||
| 245 | 1 |
_a(TUS) komi tus 2. Sınıflara özel spot bilgiler / _c[ Yazar yok ] |
|
| 250 | _a[ basım kaydı yok ] | ||
| 264 | 1 |
_aİstanbul: _bTus Data, klinisyen tıp kitabevleri, _c[date of publication not identified] |
|
| 300 |
_a344 pages : _btables, illustrations ; _c25 cm |
||
| 336 |
_2rdacontent _atext _btxt |
||
| 337 |
_2rdamedia _aunmediated _bn |
||
| 338 |
_2rdacarrier _avolume _bnc |
||
| 650 | 2 |
_aMedicine _9125126 |
|
| 653 | _aEducational materials | ||
| 653 | _aExamination Question | ||
| 942 |
_2NLM _cBK |
||